Visegrad Journal on Bioeconomy and Sustainable Development International Scientific Journal
Problematika vyšehradských krajín a spolupracujúcich regiónov v oblasti trvalo udržateľného rozvoja a biohospodárstva na globálnej, európskej, regionálnej a miestnej úrovni. Podnikanie, medzinárodný obchod a inovácie.
Guardado en:
| Formato: | Seriadas |
|---|---|
| Lenguaje: | inglés |
| Publicado: |
Nitra
Slovak University of Agriculture in Nitra
|
| Materias: | |
| Etiquetas: |
Sin Etiquetas, Sea el primero en etiquetar este registro!
|
MARC
| LEADER | 00000nls a2200000 4500 | ||
|---|---|---|---|
| 001 | 0258475 | ||
| 005 | 20260108084407.5 | ||
| 022 | |a 1339-3367 | ||
| 022 | |a 1338-8339 | ||
| 041 | 0 | |a eng | |
| 044 | |a SK | ||
| 245 | 1 | 0 | |a Visegrad Journal on Bioeconomy and Sustainable Development |b International Scientific Journal |
| 264 | 1 | |a Nitra |b Slovak University of Agriculture in Nitra | |
| 500 | |a Do r. 2021 Visegrad Journal on Bioeconomy and Sustainable | ||
| 500 | |a Rok 2017 je v online verzii | ||
| 520 | |a Problematika vyšehradských krajín a spolupracujúcich regiónov v oblasti trvalo udržateľného rozvoja a biohospodárstva na globálnej, európskej, regionálnej a miestnej úrovni. Podnikanie, medzinárodný obchod a inovácie. | ||
| 610 | 2 | 0 | |a rozvoj trvalo udržateľný |
| 610 | 2 | 0 | |a manažment environmentálny |
| 610 | 2 | 0 | |a zdroje prírodné |
| 610 | 2 | 0 | |a spolupráca medzinárodná |
| 610 | 2 | 0 | |a podnikanie medzinárodné |
| 610 | 2 | 0 | |a Vyšehradská štvorka |